Nerovnosti v zdraví v EÚ diplomová práca

Gespeichert in:
Bibliographische Detailangaben
1. Verfasser: Tartottová, Martina
Körperschaft: Fakulta hospodárskej informatiky EU. Katedra štatistiky
Weitere Verfasser: Labudová, Viera, 1958-
Format: Buch
Sprache:Slowakisch
Veröffentlicht: Bratislava 2025
Tags: Tag hinzufügen
Keine Tags, Fügen Sie das erste Tag hinzu!

MARC

LEADER 00000nbm a2200000 4500
001 0310669
005 20251202102439.5
041 0 |a slo 
044 |a SK 
245 1 0 |a Nerovnosti v zdraví v EÚ  |b diplomová práca  |c Martina Tartottová ; školiteľ: Viera Labudová 
264 1 |a Bratislava  |c 2025 
300 |a 71 s. 
100 1 |a Tartottová, Martina 
700 1 |a Labudová, Viera, 1958- 
710 2 |a Fakulta hospodárskej informatiky EU. Katedra štatistiky